000 00600nam a2200253Ia 4500
005 20260121160457.0
008 008 260114s9999 xx 000 0 eng d
020 _a9781315649047
037 _aEBOOK
040 _aCRL
040 _beng
040 _cCRL
041 _2eng
041 _aeng
084 _qCRL
100 _a David Duran; Keith Topping
_91032418
245 0 _aLearning by Teaching
260 _bTaylor and Francis
260 _c2017
856 _uhttp://www.taylorfrancis.com/books/9781315649047
942 _cEBOOK
999 _c1599234
_d1599234